000 00643nam a2200241Ia 4500
003 OSt
005 20221007064708.0
006 a|||||r|||| 00| 0
007 ta
008 221006b |||||||| |||| 00| 0 eng d
024 _a5,163
037 _cTextual
040 _aFLL
_cFLL
_beng
041 _2eng
_aeng
082 _aZ2,985, L5
100 _aParthasaratey M.S. Au.
_9686188
245 0 _aNegotiable instruments act
250 _a15th
260 _aDelhi
_bM.N. Tripathi private limited India
_c1975
300 _a315p
_ccm.
942 _hZ2,985, L5
_cTEXL
_2CC
999 _c1135054
_d1135054